The bearer plot. (Record no. 350209)

000 -LEADER
fixed length control field 00611pam a2200241 4500
001 - CONTROL NUMBER
control field 3133008
003 - CONTROL NUMBER IDENTIFIER
control field OSt
005 - DATE AND TIME OF LATEST TRANSACTION
control field 20180116183009.0
008 - FIXED-LENGTH DATA ELEMENTS--GENERAL INFORMATION
fixed length control field 721107s1972 nyu 000 1 eng
010 ## - LIBRARY OF CONGRESS CONTROL NUMBER
LC control number 72011666
020 ## - INTERNATIONAL STANDARD BOOK NUMBER
International Standard Book Number 0394485246
040 ## - CATALOGING SOURCE
Original cataloging agency DLC
Transcribing agency DLC
Modifying agency DLC
050 00 - LIBRARY OF CONGRESS CALL NUMBER
Classification number PZ4.S4618
Item number Be3
Classification number PR9440.9.S4
082 00 - DEWEY DECIMAL CLASSIFICATION NUMBER
Classification number 823/.9/14 SEL 1974
100 1# - MAIN ENTRY--PERSONAL NAME
Personal name Sela, Owen.
245 14 - TITLE STATEMENT
Title The bearer plot.
250 ## - EDITION STATEMENT
Edition statement [1st ed.]
260 ## - PUBLICATION, DISTRIBUTION, ETC.
Place of publication, distribution, etc. New York,
Name of publisher, distributor, etc. Pantheon Books
Date of publication, distribution, etc. [1972]
300 ## - PHYSICAL DESCRIPTION
Extent 220 p.
Dimensions 22 cm.
350 ## - PRICE (NR) (BK AM CF MU VM SE) [OBSOLETE]
Price $5.95
906 ## - LOCAL DATA ELEMENT F, LDF (RLIN)
a 7
b cbc
c orignew
d 1
e ocip
f 19
g y-gencatlg
942 ## - ADDED ENTRY ELEMENTS (KOHA)
Source of classification or shelving scheme
Koha item type Book
Holdings
Withdrawn status Lost status Source of classification or shelving scheme Damaged status Not for loan Collection code Permanent Location Current Location Shelving location Date acquired Total Checkouts Full call number Barcode Date last seen Price effective from Koha item type
            Central Library (CL) Central Library (CL) Fiction 08/31/2015   823/.9/14 SEL 1974 NBSD-2053 08/31/2015 08/31/2015 Book
© 2023 Central Library, National University of Sciences and Technology. All Rights Reserved.